00793cam a22002173a 45000010005000000030006000050050017000110080041000280400015000690420007000840500007000911000043000982450056001412600029001975050219002265060030004455160020004756530011004958300028005068560041005344757PGUSA20140828083108.0031201s2003||||xxu|||||s|||||000 e eng d aPGUSAbeng adc 4aPS1 aWright, J. W.q(Jacob William),d1871-14aThe Long Agoh[electronic resource] /cJ. W. Wright bProject Gutenberg,c20030 aThe garden -- The river -- Christmas -- Butter, eggs, ducks, geese -- The sugar barrels -- Jimmy, the lamplighter -- Flies -- The autumn leaves -- Getting in the wood -- The rain -- Grandmother -- When day is done. aPublic domain in the USA. aElectronic text aEssays 0aProject Gutenbergv475740uhttp://www.gutenberg.org/ebooks/4757